La alta edad media: de la antigüedad tardía al año mil

Shranjeno v:
Bibliografske podrobnosti
Glavni avtor: Barral i Altet, Xavier (Author)
Format: Knjiga
Jezik:španščina
Izdano: Colonia, Alemania Taschen 1998
Serija:Colección Arquitectura Mundial de Taschen
Teme:
Oznake: Označite
Brez oznak, prvi označite!

MARC

LEADER 00000nam a2200000 a 4500
001 UCP1723
003 CL-VaPUC
005 20240701124234.0
008 990426e19980000GW |||||||||||||||||spa|d
999 |c 280378  |d 280376 
040 |c Pontificia Universidad Católica de Valparaíso 
082 0 4 |a 723 BAR 1998  |2 21 
100 0 |a Barral i Altet, Xavier  |e author  |9 427919 
245 1 3 |a La alta edad media:  |b  de la antigüedad tardía al año mil 
260 |a Colonia, Alemania  |b Taschen  |c 1998 
300 |a 237 páginas 
490 0 |a Colección Arquitectura Mundial de Taschen 
583 |a last modification  |c 19990426 00:00:00  |k Rodrigo Vera 
650 0 |a Arquitectura medieval   |z ESPAÑA  |z ITALIA  |z FRANCIA  |9 267661 
650 0 |a Historia  |z ITALIA  |z ESPAÑA  |z FRANCIA  |9 255047 
650 0 |a Edad media  |z ITALIA  |z ESPAÑA  |z FRANCIA  |9 258041 
852 |a BIBCUR 
942 |c BK  |2 ddc 
945 |d 19990426 00:00:00  |a rbrito 
952 |0 0  |1 0  |2 ddc  |4 0  |6 723_000000000000000_BAR_1998  |7 0  |8 A  |9 320656  |a BIBHIS  |b BIBHIS  |d 2019-11-20  |i 3509311  |o 723 BAR 1998  |p 3509311  |r 2025-01-20  |t 1  |w 2019-11-20  |y BK  |k HIS